International relations theory and South Asia : (Record no. 90005)

MARC details
000 -LEADER
fixed length control field 01027nam a22002777a 4500
005 - DATE AND TIME OF LATEST TRANSACTION
control field 20141121112734.0
010 ## - LCCN (DPL NO)
LC control number ENG-111353-354
020 ## - INTERNATIONAL STANDARD BOOK NUMBER
International Standard Book Number 9780199453412(v.1)
Terms of availability 550.00
020 ## - INTERNATIONAL STANDARD BOOK NUMBER
International Standard Book Number 0199453411(v.1)
Terms of availability 550.00
020 ## - INTERNATIONAL STANDARD BOOK NUMBER
International Standard Book Number 9780199453429(v.2)
Terms of availability 595.00
020 ## - INTERNATIONAL STANDARD BOOK NUMBER
International Standard Book Number 019945342x(v.2)
Terms of availability 595.00
035 ## - SYSTEM CONTROL NUMBER
System control number EN-94885-886
037 ## - SOURCE OF ACQUISITION
Source of stock number/acquisition DBAD/PUB
082 ## - DEWEY DECIMAL CLASSIFICATION NUMBER
Classification number 327.170954
245 ## - TITLE STATEMENT
Title International relations theory and South Asia :
Remainder of title security, political economy, domestic politics, identities, and images /
Statement of responsibility, etc edited by E. Sridharan
260 ## - PUBLICATION, DISTRIBUTION, ETC. (IMPRINT)
Place of publication, distribution, etc New Delhi
Name of publisher, distributor, etc Oxford University Press
Date of publication, distribution, etc 2014
270 ## - ADDRESS
Address YMCA Library building, 1 Jai Singh Road
City New Delhi
Postal code 110001
300 ## - PHYSICAL DESCRIPTION
Extent 2V.(xiv, 368p.;xvi,417p.)
Dimensions 23cm(pbk)
500 ## - GENERAL NOTE
General note Includes bibliographical references.
650 ## - SUBJECT ADDED ENTRY--TOPICAL TERM
Topical term or geographic name as entry element Regionalism
Geographic subdivision South Asia.
650 ## - SUBJECT ADDED ENTRY--TOPICAL TERM
Topical term or geographic name as entry element South Asian cooperation.
650 ## - SUBJECT ADDED ENTRY--TOPICAL TERM
Topical term or geographic name as entry element National security
Geographic subdivision South Asia.
650 ## - SUBJECT ADDED ENTRY--TOPICAL TERM
Topical term or geographic name as entry element International relations.
700 ## - ADDED ENTRY--PERSONAL NAME
Personal name Sridharan, E.
942 ## - ADDED ENTRY ELEMENTS (KOHA)
Source of classification or shelving scheme Dewey Decimal Classification
Item type English Books
Call number suffix INT
Classification part 327.170954
Holdings
Withdrawn status Lost status Materials specified (bound volume or other part) Not for loan Collection code Home library Current library Date acquired Source of acquisition Cost, normal purchase price Full call number Barcode Copy number Cost, replacement price Koha item type
    v.1 Not For Loan Non-fiction D.B.Act.Division D.B.Act.Division 13/11/2014 DBAD/PUB 550.00 327.170954 INT EN-94885 1 550.00 English Books
    v.2 Not For Loan Non-fiction D.B.Act.Division D.B.Act.Division 21/11/2014 DBAD/PUB 595.00 327.170954 INT EN-94886 1 595.00 English Books

© Delhi Public Library
Hit Counter
free hit counter